| 000 | 00714nam a2200241 a 4500 | ||
|---|---|---|---|
| 001 | BRCA_3700 | ||
| 005 | 20190320204404.0 | ||
| 008 | 080909s1960----fr-a---###---#000-0#fre-# | ||
| 041 | _afre | ||
| 044 | _afr | ||
| 050 | 4 |
_aNK2547 _b.M48 7 _c1960 |
|
| 245 | 1 | 0 |
_aMeubles et ensembles _bSecond Empire _cintroduction par Denise Ledoux-Lebard. |
| 260 |
_aParis _bCh. Massin _c[1960] |
||
| 300 |
_a1 v. (sin paginación) _bil., 36 láminas _c29 cm. |
||
| 440 | 0 |
_aMeubles et ensembles _v7 _99614 |
|
| 500 | _aIncluye lista de láminas | ||
| 500 | _aB337 | ||
| 650 | 1 | 4 |
_aMuebles Segundo Imperio _99615 |
| 650 | 1 | 4 |
_aMuebles franceses _99616 |
| 700 | 1 |
_aLedoux-Lebard, Denise _99617 |
|
| 902 | _aGFM | ||
| 942 |
_2lcc _cB |
||
| 999 |
_c3430 _d3430 |
||